ბათუმის შოთა რუსთაველის სახელმწიფო უნივერსიტეტის ბიბლიოთეკა

მასალათა გამძლეობა : დამხ.სახელმძღ. / (ბიბ.ჩანაწერი № 37501)

000 -ლიდერი
ფიქსირებული სიგრძის საკონტროლო ველი 00903nam a2200217Ia 4500
001 - საკონტროლო ნომერი
საკონტროლო ველი 3464
003 - საკონტროლო ნომრის იდენტიფიკატორი
საკონტროლო ველი GE_BSU
005 - ბოლო ოპერაციის თარიღი და დრო
საკონტროლო ველი 20190605155943.0
008 - ფიქსირებული სიგრძის მონაცემთა ელემენტები - ზოგადი ინფორმაცია
ფიქსირებული სიგრძის საკონტროლო ველი 181216s1992||||ge |||||||||||||| ||geo||
040 ## - კატალოგიზაციის წყარო
Transcribing agency GE_BSU
041 ## - ენის კოდი
Language code of text/sound track or separate title geo
080 ## - უნივერსალური ათობითი კლასიფიკაციის ინდექსი
Universal Decimal Classification number 620.1:539.4(042.4) დ–19
100 ## - მთავარი ჩანაწერი - პიროვნების სახელი
Personal name დანელია,დ
9 (RLIN) 2116
245 ## - ცნობა სათაურის შესახებ
Title მასალათა გამძლეობა : დამხ.სახელმძღ. /
Statement of responsibility, etc დ. დანელია ; ზ. მაძაღუა ; რედ : ც. არსენიძე.
264 ## - წარმოების, გამოცემის, დისტრიბუციის და სხვა ცნობები
გამოცემის, წარმოების, დისტრიბუციის... ადგილი თბილისი :
გამოცემის, წარმოების, დისტრიბუციის... სახელწოდება ტექნიკური უნივერსიტეტი,
გამოცემის, წარმოების, დისტრიბუციის... თარიღი 1992.
300 ## - ფიზიკური აღწერა
Extent 208 გვ.:
Dimensions 20 სმ.
653 ## - INDEX TERM--UNCONTROLLED
Uncontrolled term მასალათა გამძლეობა
700 ## - ADDED ENTRY--PERSONAL NAME
Personal name მაძაღუა,ზ
9 (RLIN) 2117
700 ## - ADDED ENTRY--PERSONAL NAME
Personal name არსენიძე, ც
Relator term რედაქტორი
9 (RLIN) 1557
942 ## - ADDED ENTRY ELEMENTS (KOHA)
Koha item type წიგნი
Source of classification or shelving scheme
ეგზემპლარები
ჩამოწერის სტატუსი დაკარგული ეგზემპლარის სტატუსი კლასიფიკაციის წყარო ან თაროზე გაწყობის სქემა დაზიანების სტატუსი არ გაიცემა მუდმივი მდებარეობა (დაცვის ადგილი) ამჟამინდელი ადგილსამყოფელი თაროზე განთავსების ადგილი შეძენის თარიღი ღირებულება, შესყიდვის ნორმალური ფასი სრული შენახვის შიფრი შტრიხკოდი ბოლო ოპერაციის თარიღი ეგზემპლარის მიმდევრობითი ნომერი (კეტერი?) ფასის ძალაში შესვლის თარიღი ეგზემპლარის სახეობა საჯარო შენიშვნა
          ტექნოლოგიური ფაკულტეტის ბიბლიოთეკა ტექნოლოგიური ფაკულტეტის ბიბლიოთეკა წიგნსაცავი 2018-12-17 3.00 620.1:539.4(042.4) დ–19 10451 2018-12-17 10451 2018-12-17 წიგნი 3 ლ. 20 თ.
          ტექნოლოგიური ფაკულტეტის ბიბლიოთეკა ტექნოლოგიური ფაკულტეტის ბიბლიოთეკა წიგნსაცავი 2018-12-17 3.00 620.1:539.4(042.4) დ–19 10452 2018-12-17 10452 2018-12-17 წიგნი 3 ლ. 20 თ.
          ტექნოლოგიური ფაკულტეტის ბიბლიოთეკა ტექნოლოგიური ფაკულტეტის ბიბლიოთეკა წიგნსაცავი 2018-12-17 3.00 620.1:539.4(042.4) დ–19 10453 2018-12-17 10453 2018-12-17 წიგნი 3 ლ. 20 თ.
          ტექნოლოგიური ფაკულტეტის ბიბლიოთეკა ტექნოლოგიური ფაკულტეტის ბიბლიოთეკა წიგნსაცავი 2018-12-17 3.00 620.1:539.4(042.4) დ–19 10454 2018-12-17 10454 2018-12-17 წიგნი 3 ლ. 20 თ.
          ტექნოლოგიური ფაკულტეტის ბიბლიოთეკა ტექნოლოგიური ფაკულტეტის ბიბლიოთეკა წიგნსაცავი 2018-12-17 3.00 620.1:539.4(042.4) დ–19 10455 2018-12-17 10455 2018-12-17 წიგნი 3 ლ. 20 თ.
          ტექნოლოგიური ფაკულტეტის ბიბლიოთეკა ტექნოლოგიური ფაკულტეტის ბიბლიოთეკა წიგნსაცავი 2018-12-17 3.00 620.1:539.4(042.4) დ–19 10456 2018-12-17 10456 2018-12-17 წიგნი 3 ლ. 20 თ.
          ტექნოლოგიური ფაკულტეტის ბიბლიოთეკა ტექნოლოგიური ფაკულტეტის ბიბლიოთეკა წიგნსაცავი 2018-12-17 3.00 620.1:539.4(042.4) დ–19 10457 2018-12-17 10457 2018-12-17 წიგნი 3 ლ. 20 თ.
          ტექნოლოგიური ფაკულტეტის ბიბლიოთეკა ტექნოლოგიური ფაკულტეტის ბიბლიოთეკა წიგნსაცავი 2018-12-17 3.00 620.1:539.4(042.4) დ–19 10458 2018-12-17 10458 2018-12-17 წიგნი 3ლ. 20 თ.
          ტექნოლოგიური ფაკულტეტის ბიბლიოთეკა ტექნოლოგიური ფაკულტეტის ბიბლიოთეკა წიგნსაცავი 2018-12-17   620.1:539.4(042.4) დ–19 10459 2018-12-17 10459 2018-12-17 წიგნი 3 ლ. 20 თ.
          ტექნოლოგიური ფაკულტეტის ბიბლიოთეკა ტექნოლოგიური ფაკულტეტის ბიბლიოთეკა წიგნსაცავი 2019-06-05 3.00 620.1:539.4(042.4) დ–19 10449 2019-06-05 10449 2019-06-05 წიგნი 3 ლ. 20 თ.
          ტექნოლოგიური ფაკულტეტის ბიბლიოთეკა ტექნოლოგიური ფაკულტეტის ბიბლიოთეკა წიგნსაცავი 2019-06-05 3.00 620.1:539.4(042.4) დ–19 10450 2019-06-05 10450 2019-06-05 წიგნი 3 ლ. 20 თ.